Przystanki Tramwajowe Poznań linia 6 - Statystyki

Ogólne statystyki
  • Ten quiz został rozwiązany 225 razy
  • Średni wynik to 19 z 29
Statystyki odpowiedzi
Przystanek % Poprawnych
Junikowo
93%
Miłostowo
88%
Półwiejska
88%
AWF
86%
Bałtyk
86%
Poznań Główny
85%
Most Dworcowy
82%
Rondo Śródka
82%
Wierzbięcice
82%
Rondo Rataje
80%
Kórnicka
76%
Stadion Miejski
75%
Serafitek
73%
Matejki
72%
Budziszyńska
70%
Rondo Nowaka-Jeziorańskiego
70%
Baraniaka
69%
Grochowska
64%
Cmentarna
62%
Termalna
53%
Ostroroga
52%
Św. Michała
51%
Węgorka
51%
Rondo Skubiszewskiego
47%
Drzewieckiego
45%
Krańcowa
45%
Grotkowska
42%
Łomżyńska
35%
Pusta
21%
Nie znaleziono quizów pasujących do podanych kryteriów
Rozkład punktacji
Procent ludzi z każdym wynikiem
Percentyl według liczby udzielonych odpowiedzi
Twoja historia wyników
Nie rozwiązałeś tego quizu